IFM Opac

THE SUMMARY OF THE INSTITUTE TIME CLAUSES (Record no. 19846)

MARC details
000 -LEADER
fixed length control field 00267nam a22001097a 4500
082 ## - DEWEY DECIMAL CLASSIFICATION NUMBER
Classification number 368.22BRO
100 ## - MAIN ENTRY--PERSONAL NAME
Personal name Robert H. Brown
245 ## - TITLE STATEMENT
Title THE SUMMARY OF THE INSTITUTE TIME CLAUSES
260 ## - PUBLICATION, DISTRIBUTION, ETC.
Place of publication, distribution, etc. LONDON
Name of publisher, distributor, etc. Witherby&Co Ltd
Date of publication, distribution, etc. 1971
300 ## - PHYSICAL DESCRIPTION
Extent 25p.
Other physical details ill;24cm
942 ## - ADDED ENTRY ELEMENTS (KOHA)
Koha item type Books
Holdings
Withdrawn status Lost status Damaged status Not for loan Home library Current library Shelving location Date acquired Total Checkouts Full call number Barcode Date last seen Price effective from Koha item type
        IFM Main Campus Library IFM Main Campus Library Archival Collection 05/15/2015   368.22BRO 0000012990 08/14/2018 02/19/2022 Books